000 01555cad a22002655a 4500
001 E144091
008 080616s2007 stk f s000 0 eng d
020 _a9780755965878
022 1 _a0141514X
035 _a(Sirsi) u144091
041 0 _aeng
050 0 4 _a711.1 $2 18
110 2 _aScottish Executive Development Department
_93786
245 0 0 _aPlanning circular 4/2007 - the Town and Country Planning (General Development Procedure) (Scotland) Amendment Order 2007
_h[electronic resource]
260 _aEdinburgh
_bScottish Executive
_c2007
300 _a[2]p.
_c30cm.
490 0 _aScottish Executive Development Department Circular
_v(4/2007)
505 2 _aNotification of planning applications: Article 2(5) -- Article 2(4) -- Gardens and Designed Landscapes: Article 2(3)
520 _aExplains the provisions of the Town and Country Planning (General Development Procedure) (Scotland) Amendment Order 2007, which came into force on 1 April 2007. The purpose of the Order is to bring about changes to the arrangements for handling planning applications which must be notified to Scottish Ministers by planning authorities and considering any potential impact on historic gardens and designed landscapes through the planning application process.
521 _aAdvanced
651 4 _aScotland
_y1999-
690 _aENVIRONMENTAL AND LAND CONSULTANCY-PLANNING AND DEVELOPMENT-DEVELOPMENT CONTROL
856 4 1 _uhttps://www.scotland.gov.uk/Publications/2007/03/30143332/0
_zView the item free of charge at www.scotland.gov.uk
942 _n0
999 _c108375
_d108375